Statistics for Oscar and Tony Award for the same role

Click here to take the quiz!

General Stats

  • This quiz has been taken 118 times
  • The average score is 7 of 11

Answer Stats

HintAnswer% Correct
My Fair LadyRex Harrison
86%
The King and IYul Brynner
82%
The Queen/The AudienceHelen Mirren
81%
The Miracle WorkerAnne Bancroft
75%
CabaretJoel Grey
75%
FencesViola Davis
75%
Cyrano de BergeracJose Ferrer
48%
Come Back, Little ShebaShirley Booth
48%
A Man For All SeasonsPaul Scofield
45%
Zorba the GreekLila Kedrova
36%
The Subject Was RosesJack Albertson
27%

Score Distribution

Percentile by Number Answered

Percent of People with Each Score

Your Score History

You have not taken this quiz